00784nam a2200205 a 450000100080000000500110000800800410001910000270006024500710008726000330015830000100019149000360020152002480023765000110048565000170049665000130051365000150052665300190054170000180056015433752016-09-13 1996 bl uuuu 00u1 u #d1 aDUCROQUET, J.-P. H. J. aCadeias produtivas do Estado de Santa Catarinabpêssego e ameixa. aFlorianópolis: EPAGRIc1996 a73 p. a(EPAGRI. Boletim Técnico, 80). aImportância e evolução do produto; Fluxograma da cadeia de pêssego e ameixa; Grupos de interesse; Coordenador da cadeia; Oferta histórica; Demanda histórica; Demanda futura; Amplitude social e econômica da cadeia; Geração de empregos. aAmeixa aFruticultura aPêssego aProdução aSanta Catarina1 aMONDIN, V. P.